30 Second SPORCLE Blitz: Crayola Colors Quiz Stats

 Plays Quiz Updated Nov 6, 2019

Support Sporcle.
Go Orange.
Score 0/7 Timer 00:30
1 Play Today
Letter Crayola Color % Correct
Rred
94.6%
Oorange
93.4%
Ppurple
86.3%
Ssepia
50.9%
Llavender
32.2%
Ccornflower
30.6%
Eeggplant
17.8%

You're not logged in!

Compare scores with friends on all Sporcle quizzes.
OR
Log In
Forgot?

From the Vault

Logos Through the Ages: NBC

by WillieG

NBC has never been afraid to let a logo show its true colors.
Remove Ads.
Support Sporcle.
Get the best of Sporcle when you Go Orange. This ad-free experience offers more features, more stats, and more fun while also helping to support Sporcle. Thank you for becoming a member.

Show Comments

Extras

Top Quizzes Today


Score Distribution

Your Account Isn't Verified!

In order to create a playlist on Sporcle, you need to verify the email address you used during registration. Go to your Sporcle Settings to finish the process.

Report this User

Report this user for behavior that violates our Community Guidelines.

Details: